Statistiques concernant Pays accueillant les 100 aéroports les plus fréquentés du monde

Cliquez ici pour prendre le quiz!

Statistiques générales

  • Ce quiz a été pris 189 fois
  • Le résultat moyen est 32 sur 38

Statistiques - réponses

PaysContinentNombre d'aéroports% Correct
ChineAsie15
100%
États UnisAmérique25
100%
FranceEurope2
100%
AllemagneEurope3
99%
JaponAsie3
99%
RussieAsie - Europe2
99%
AustralieOcéanie2
97%
Royaume UniEurope4
97%
EspagneEurope3
96%
BrésilAmérique1
95%
IndeAsie3
95%
ItalieEurope2
95%
CanadaAmérique2
93%
MexiqueAmérique2
92%
Corée du SudAsie3
90%
SuèdeEurope1
90%
ThaïlandeAsie2
88%
Pays BasEurope1
87%
Arabie SaouditeAsie2
84%
NorvègeEurope1
84%
PortugalEurope1
84%
TurquieAsie3
84%
IndonésieAsie1
83%
SuisseEurope1
82%
GrèceEurope1
81%
BelgiqueEurope1
80%
Émirats Arabes UnisAsie1
77%
ColombieAmérique1
74%
AutricheEurope1
73%
VietnamAsie2
73%
DanemarkEurope1
72%
IrlandeEurope1
69%
QatarAsie1
69%
MalaisieAsie1
67%
PhilippinesAsie1
67%
SingapourAsie1
67%
TaïwanAsie1
61%
IsraëlAsie1
59%

Distribution des résultats

Percentile par nombre de réponses

% des personnes avec chaque résultat

Votre développement - résultats

Vous n’avez pas pris ce quiz